Mac DeMarco-Freaking out the neighborhood lyrics - Estadísticas

Estadísticas generales
  • Esta prueba ha sido intentada 6 veces
  • La puntuación promedio es 54 de 84
Estadísticas de respuestas
Hint Respuesta % Correcto
­ Dont
100%
­ Dont
100%
­ I
100%
­ I
100%
­ I
100%
­ Mama
100%
­ Sorry
100%
­ Worry
100%
­ Worry
100%
­ Are
75%
­ Be
75%
­ First
75%
­ First
75%
­ Freaking
75%
­ Freaking
75%
­ Fun
75%
­ Fun
75%
­ Good
75%
­ Good
75%
­ Know
75%
­ Know
75%
­ Line
75%
­ Neighborhood
75%
­ Neighborhood
75%
­ No
75%
­ No
75%
­ No
75%
­ No
75%
­ No
75%
­ On
75%
­ Out
75%
­ Out
75%
­ Starts
75%
­ Starts
75%
That
75%
­ The
75%
­ The
75%
­ The
75%
­ The
75%
­ There
75%
­ Time
75%
­ Times
75%
­ When
75%
­ When
75%
­ You
75%
­ You
75%
­ Your
75%
­ Your
75%
­ And
50%
­ And
50%
­ Been
50%
­ Boy
50%
­ Carried
50%
­ Fine
50%
­ Get
50%
­ Got
50%
­ Home
50%
­ I'm
50%
­ I'm
50%
­ It's
50%
­ It's
50%
­ Never
50%
­ Next
50%
­ Old
50%
­ Please
50%
­ Really
50%
­ Same
50%
­ Same
50%
­ Sincerely
50%
­ Son
50%
­ Son
50%
­ Still
50%
­­­ Up
50%
­ Up
50%
­ Away
25%
­ Better
25%
­ Find
25%
­ Gets
25%
­ Gets
25%
­ Hoped
25%
­ Job
25%
­ To
25%
­ To
25%
­ Would
25%
No se encontraron pruebas coincidentes
Distribución de puntuación
Porcentaje de gente con cada puntuación
Porcentaje por número respondido
Historial de tus puntuaciones
No has intentado esta prueba.